[Event "Yerevan"]
[Site "Yerevan"]
[Date "1980.??.??"]
[Round "13"]
[White "Vaganian, Rafael A"]
[Black "Dobosz, Henryk"]
[Result "1-0"]
[WhiteElo "2590"]
[BlackElo "2385"]
[PlyCount "79"]
[EventDate "1980.06.04"]
[EventType "tourn"]
[EventRounds "15"]
[EventCountry "URS"]
[EventCategory "10"]
[SourceTitle "MCD"]
[Source "ChessBase"]
[SourceDate "1999.07.01"]
[SourceVersion "1"]
[SourceVersionDate "1999.07.01"]
[SourceQuality "1"]

1. d4 e6 2. Nf3 Nf6 3. c4 d5 4. Bg5 dxc4 5. Nc3 a6 6. e4 b5 7. e5 h6 8. Bh4 g5
9. Nxg5 hxg5 10. Bxg5 Nbd7 11. exf6 c5 12. d5 Ne5 13. f4 Nd3+ 14. Bxd3 cxd3 15.
Qxd3 b4 16. O-O-O bxc3 17. Qxc3 Qc7 18. dxe6 Bd6 19. Qd2 Bxe6 20. Qxd6 Qxd6 21.
Rxd6 Bxa2 22. Re1+ Kf8 23. h4 Kg8 24. Re5 Kh7 25. Rxc5 a5 26. Kd1 Rhb8 27. Rd2
a4 28. Ke2 Rb4 29. f5 Rab8 30. Ra5 Bb1 31. Ra7 Kg8 32. Rdd7 Rxb2+ 33. Kf3 R2b3+
34. Be3 Bxf5 35. Rxf7 a3 36. Rg7+ Kh8 37. Rg5 Bh7 38. Rh5 R3b7 39. Bd4 Rxa7 40.
f7# 1-0

[Event "URS-chT Republics 15th final B"]
[Site "Moscow"]
[Date "1981.05.??"]
[Round "?"]
[White "Vaganian, Rafael A"]
[Black "Rashkovsky, Nukhim N"]
[Result "1-0"]
[WhiteElo "2565"]
[BlackElo "2535"]
[PlyCount "116"]
[EventDate "1981.05.16"]
[EventType "team-tourn"]
[EventRounds "9"]
[EventCountry "URS"]
[SourceTitle "EXT 2002"]
[Source "ChessBase"]
[SourceDate "2001.11.25"]
[SourceVersion "1"]
[SourceVersionDate "2001.11.25"]
[SourceQuality "1"]
[WhiteTeam "Armenia"]
[BlackTeam "Russia"]
[WhiteTeamCountry "ARM"]
[BlackTeamCountry "RUS"]

1. Nf3 Nf6 2. c4 g6 3. g3 Bg7 4. Bg2 O-O 5. d4 d6 6. O-O c5 7. d5 b5 {!?} 8.
cxb5 a6 9. bxa6 Bxa6 10. Nc3 Nbd7 11. h3 (11. Qc2 Qb6 12. Rb1 Rfb8 13. b3 Ng4 {
!} 14. Bb2 c4 15. bxc4 Bxc4 {=}) 11... Qa5 12. Qc2 Rfb8 13. Re1 Ne8 14. Bd2 Nc7
15. b3 Qa3 16. Nh2 {!} c4 17. Reb1 Qc5 18. b4 {!} Rxb4 19. Ne4 Rxb1+ 20. Rxb1
Qa7 21. Be3 Bd4 22. Bxd4 Qxd4 23. Qc3 {!} Nb5 (23... Qa7 24. Ng4 f6 25. a4 {!}
Nxd5 26. Qd2 {!} Bb7 27. Rxb7 Qxb7 28. Nc3 $18) 24. Qxd4 Nxd4 25. Nc3 Rb8 26.
Rxb8+ Nxb8 27. a4 Kf8 28. Nf3 Nxf3+ 29. Bxf3 Nd7 30. Be4 Ke8 31. f4 {!} Kd8 32.
h4 {!} Kc7 33. a5 $18 {!} Nc5 34. Kf2 Nb3 35. g4 Kd8 36. h5 Ke8 (36... gxh5 37.
g5 $18 {!}) 37. h6 {!} Nxa5 38. f5 Kf8 39. g5 Nb3 40. Ke3 Nc5 41. Bc2 Bc8 (
41... Nd7 42. Kd4 {'with the idea' f6,Ba4$18}) 42. f6 Bh3 43. Ba4 exf6 44. gxf6
Nxa4 45. Nxa4 g5 46. Nc3 g4 47. Kf2 Ke8 48. Nb5 Kd7 49. e4 Kd8 50. Nxd6 c3 51.
Nxf7+ Kc7 52. Ne5 g3+ 53. Kxg3 c2 54. Nd3 Bf1 55. Nc1 Kd7 56. e5 Bc4 57. d6 Be6
58. Kf4 Kc6 1-0

[Event "Moscow-ch"]
[Site "Moscow"]
[Date "1981.06.??"]
[Round "9"]
[White "Vaganian, Rafael A"]
[Black "Antoshin, Vladimir S"]
[Result "1-0"]
[WhiteElo "2565"]
[BlackElo "2470"]
[PlyCount "153"]
[EventDate "1981.06.02"]
[EventType "tourn"]
[EventRounds "17"]
[EventCountry "URS"]
[SourceTitle "MCL"]
[Source "ChessBase"]
[SourceDate "1999.07.01"]
[SourceVersion "1"]
[SourceVersionDate "1999.07.01"]
[SourceQuality "1"]

1. c4 f5 2. g3 Nf6 3. d4 d6 4. Bg2 c6 5. Nc3 Qc7 6. Bg5 Nbd7 7. d5 h6 8. Bxf6
Nxf6 9. Nf3 e5 10. Nh4 g5 11. Ng6 Rg8 12. Nxf8 Kxf8 13. dxc6 bxc6 14. Qd2 Be6
15. Nb5 cxb5 16. Bxa8 bxc4 17. h4 d5 18. hxg5 hxg5 19. Rh6 Kf7 20. Bxd5 Nxd5
21. Rh7+ Rg7 22. Rxg7+ Kxg7 23. Qxg5+ Kf7 24. Qh5+ Ke7 25. Qg5+ Kd6 26. Kf1 Qb7
27. Qd8+ Kc5 28. Qf8+ Qe7 29. Qh8 f4 30. gxf4 exf4 31. Rd1 Kb5 32. Ke1 Ka6 33.
Qe5 Qb4+ 34. Rd2 Bf7 35. a3 Qb7 36. Rd4 Qc6 37. Qe4 Qb5 38. Qc2 Nb6 39. Rxf4
Qh5 40. Qc3 Qh1+ 41. Kd2 Qd5+ 42. Rd4 Qg5+ 43. f4 Qg2 44. Rd6 Qf1 45. Qe5 c3+
46. bxc3 Bb3 47. Qd4 Qd1+ 48. Ke3 Qg1+ 49. Kf3 Qh1+ 50. Kg3 Qe1+ 51. Qf2 Qxc3+
52. Qf3 Qg7+ 53. Kf2 Qc7 54. Qd3+ Bc4 55. Qd4 Kb5 56. Qb2+ Ka6 57. Qd4 Kb5 58.
Qe5+ Ka4 59. f5 Qh7 60. Qf4 Qh5 61. Rd2 Kxa3 62. e4 Bb3 63. Rd4 Nc4 64. e5 Nb2
65. e6 a5 66. f6 Nd1+ 67. Rxd1 Bxd1 68. f7 Qe2+ 69. Kg1 Qe1+ 70. Kg2 Qe2+ 71.
Qf2 Qe4+ 72. Kh2 Qh7+ 73. Kg1 Qg6+ 74. Kf1 Qd3+ 75. Ke1 Bc2 76. f8=Q+ Ka2 77.
Q2f3 1-0

[Event "Yerevan Zonal"]
[Site "Yerevan"]
[Date "1981.02.??"]
[Round "14"]
[White "Geller, Efim P"]
[Black "Vaganian, Rafael A"]
[Result "0-1"]
[WhiteElo "2615"]
[BlackElo "2565"]
[PlyCount "80"]
[EventDate "1982.02.??"]
[EventType "tourn"]
[EventRounds "15"]
[EventCountry "URS"]
[EventCategory "12"]
[SourceTitle "MCL"]
[Source "ChessBase"]
[SourceDate "1999.07.01"]
[SourceVersion "1"]
[SourceVersionDate "1999.07.01"]
[SourceQuality "1"]

1. e4 e6 2. d4 d5 3. Nd2 Nf6 4. e5 Ne4 5. Bd3 Nxd2 6. Bxd2 c5 7. dxc5 Nc6 8.
Nf3 Bxc5 9. O-O a6 10. a3 h6 11. Qe2 Qc7 12. Rfe1 b6 13. b4 Be7 14. c4 dxc4 15.
Bxc4 Bb7 16. Rac1 O-O 17. Bd3 Rfd8 18. Be4 b5 19. Be3 Qd7 20. Bb6 Rdc8 21. h4
Bf8 22. Red1 Qe8 23. Bc5 Bxc5 24. Rxc5 Rcb8 25. Bb1 Rd8 26. Rd6 Nxe5 27. Qxe5
Rxd6 28. Qxd6 Rd8 29. Qb6 Bxf3 30. gxf3 Rd1+ 31. Kg2 f5 32. Bxf5 exf5 33. Qc6
Qf7 34. Qxa6 Kh7 35. Qc6 Re1 36. Qd6 Re6 37. Qf4 Rg6+ 38. Kh3 Qa2 39. h5 Rg5
40. Rxf5 Qe6 0-1

[Event "URS-chT Cup 12th"]
[Site "Kislovodsk"]
[Date "1982.06.??"]
[Round "4"]
[White "Panchenko, Alexander N"]
[Black "Vaganian, Rafael A"]
[Result "0-1"]
[WhiteElo "2480"]
[BlackElo "2550"]
[PlyCount "72"]
[EventDate "1982.06.??"]
[EventType "team-tourn"]
[EventRounds "7"]
[EventCountry "URS"]
[SourceTitle "EXT 2020"]
[Source "ChessBase"]
[SourceDate "2019.10.17"]
[SourceVersion "1"]
[SourceVersionDate "2019.10.17"]
[SourceQuality "1"]
[WhiteTeam "Zenit"]
[BlackTeam "Spartak"]
[WhiteTeamCountry "URS"]
[BlackTeamCountry "URS"]

1. e4 e6 2. d4 d5 3. Nd2 c5 4. exd5 exd5 5. Bb5+ Bd7 6. Qe2+ Be7 7. dxc5 Nf6 8.
Nb3 O-O 9. Bxd7 Nbxd7 10. Nf3 Re8 11. O-O Nxc5 12. Be3 Nxb3 13. axb3 Bc5 14.
Qd3 Bxe3 15. fxe3 Ng4 16. Rae1 Qb6 17. Nd4 Qd6 18. g3 Re4 19. Re2 Rae8 20. Rf4
g6 21. Rxe4 Rxe4 22. c3 h5 23. Nc2 h4 24. Qd1 hxg3 25. hxg3 Qxg3+ 26. Rg2 Nxe3
27. Rxg3 Nxd1 28. Rd3 Re2 29. Na3 Ne3 30. Nb5 f5 31. Nd4 Rg2+ 32. Kh1 Rg3 33.
Nc2 f4 34. Nxe3 Rxe3 35. Rxd5 Kf7 36. b4 Kf6 0-1

[Event "URS-ch50 Semifinal"]
[Site "Yaroslavl"]
[Date "1982.07.??"]
[Round "?"]
[White "Bronstein, David Ionovich"]
[Black "Vaganian, Rafael A"]
[Result "0-1"]
[WhiteElo "2495"]
[BlackElo "2550"]
[PlyCount "114"]
[EventDate "1982.07.??"]
[EventType "tourn"]
[EventRounds "16"]
[EventCountry "URS"]
[SourceTitle "EXT 2009"]
[Source "ChessBase"]
[SourceDate "2008.11.26"]
[SourceVersion "1"]
[SourceVersionDate "2008.11.26"]
[SourceQuality "1"]

1. e4 e6 2. d4 d5 3. Nc3 Bb4 4. e5 b6 5. a3 Bxc3+ 6. bxc3 Qd7 7. a4 Ba6 8. Bd3
Ne7 9. Nf3 Bxd3 10. cxd3 Nbc6 11. O-O O-O 12. Ba3 f6 13. exf6 Rxf6 14. Bxe7
Qxe7 15. Re1 Raf8 16. Re3 Na5 17. Ra2 c5 18. dxc5 bxc5 19. Rb2 Qd6 20. h3 h6
21. Qe1 Nc6 22. Rbe2 Re8 23. Ne5 Re7 24. c4 Nd4 25. Rb2 Kh7 26. Ng4 Rff7 27.
Re5 Rf5 28. Re3 h5 29. Nh2 Ref7 30. cxd5 exd5 31. Nf1 Qf6 32. Rd2 Rg5 33. Kh1
Qg6 34. f3 c4 35. h4 c3 36. Rf2 Rgf5 37. Qxc3 Rf4 38. g3 Nxf3 39. d4 Rxh4+ 40.
Kg2 Ng5 41. Rxf7 Nxf7 42. Qc5 Ng5 43. Re5 Rf4 44. Qc1 Rf5 45. Rxf5 Qxf5 46. Qe3
a5 47. Nd2 Qh3+ 48. Kf2 Qf5+ 49. Ke2 Ne4 50. Nb3 Qg4+ 51. Qf3 Nxg3+ 52. Kf2
Ne4+ 53. Ke2 Nc3+ 54. Kf2 Qxf3+ 55. Kxf3 g5 56. Nxa5 Nxa4 57. Nc6 Nc3 0-1

[Event "URS-ch50 Semifinal"]
[Site "Yaroslavl"]
[Date "1982.07.??"]
[Round "?"]
[White "Cherepkov, Alexander V"]
[Black "Vaganian, Rafael A"]
[Result "0-1"]
[WhiteElo "2395"]
[BlackElo "2550"]
[PlyCount "99"]
[EventDate "1982.07.??"]
[EventType "tourn"]
[EventRounds "16"]
[EventCountry "URS"]
[SourceTitle "EXT 1999"]
[Source "ChessBase"]
[SourceDate "1998.11.16"]
[SourceVersion "1"]
[SourceVersionDate "1998.11.16"]
[SourceQuality "1"]

1. d4 Nf6 2. c4 d6 3. Nc3 Nbd7 4. Nf3 e5 5. g3 g6 6. Bg2 Bg7 7. O-O O-O 8. b3
Re8 9. Bb2 exd4 10. Nxd4 c6 11. Qc2 a5 12. a3 Qb6 13. Na4 Qc7 14. b4 Nb6 15.
Nxb6 Qxb6 16. c5 dxc5 17. bxc5 Qc7 18. a4 Nd7 19. Rac1 Nb8 20. Nb3 Bxb2 21.
Qxb2 Na6 22. Rfd1 Bg4 23. Nd4 Re5 24. h3 Be6 25. Qb6 Rc8 26. Qa7 Bd7 27. e4 Re7
28. f4 f6 29. Rb1 Be8 30. Qb6 Bf7 31. Rdc1 Rd8 32. Qb2 Kg7 33. Qc3 Nb4 34. Rd1
Red7 35. Bf3 h5 36. Kg2 h4 37. Bg4 Re7 38. e5 fxe5 39. Nf3 Bd5 40. fxe5 Qxe5
41. Qxe5+ Rxe5 42. gxh4 Rf8 43. Kf2 Re4 44. h5 gxh5 45. Bxh5 Ref4 46. Rxd5 Nxd5
47. Rxb7+ Kh6 48. Bg4 Nf6 49. Rb3 Rxa4 50. Kg3 0-1

[Event "URS-ch50 First League"]
[Site "Telavi"]
[Date "1982.12.??"]
[Round "13"]
[White "Vaganian, Rafael A"]
[Black "Petrosian, Arshak B"]
[Result "1-0"]
[WhiteElo "2550"]
[BlackElo "2485"]
[PlyCount "74"]
[EventDate "1982.12.??"]
[EventType "tourn"]
[EventRounds "17"]
[EventCountry "URS"]
[EventCategory "9"]
[SourceTitle "MCD"]
[Source "ChessBase"]
[SourceDate "1999.07.01"]
[SourceVersion "1"]
[SourceVersionDate "1999.07.01"]
[SourceQuality "1"]

1. d4 Nf6 2. c4 e6 3. Nc3 Bb4 4. e3 c5 5. Nge2 d5 6. a3 Bxc3+ 7. Nxc3 cxd4 8.
exd4 dxc4 9. Bxc4 Nc6 10. Be3 O-O 11. O-O b6 12. Qf3 Bb7 13. Bd3 Qd7 14. Qh3
Ne7 15. Bg5 Ng6 16. Bxf6 gxf6 17. d5 Bxd5 18. Rad1 Rad8 19. Be4 Qb7 20. Qf3 Kg7
21. Bxd5 exd5 22. Nxd5 Rd6 23. Rd4 Rfd8 24. Rfd1 Qc6 25. h3 Ne5 26. Qg3+ Kh8
27. Nxf6 Rxd4 28. Rxd4 Qxf6 29. Rxd8+ Qxd8 30. Qxe5+ f6 31. Qg3 Qe7 32. b4 Qd7
33. Qf4 Qe7 34. Qg3 Qd7 35. Kh2 b5 36. Qf4 f5 37. g4 fxg4 1-0

[Event "Keres Memorial-04"]
[Site "Tallinn"]
[Date "1983.02.25"]
[Round "4"]
[White "Vaganian, Rafael A"]
[Black "Ehlvest, Jaan"]
[Result "1-0"]
[WhiteElo "2550"]
[BlackElo "2460"]
[PlyCount "83"]
[EventDate "1983.02.21"]
[EventType "tourn"]
[EventRounds "15"]
[EventCountry "URS"]
[EventCategory "10"]
[SourceTitle "MCD"]
[Source "ChessBase"]
[SourceDate "1999.07.01"]
[SourceVersion "1"]
[SourceVersionDate "1999.07.01"]
[SourceQuality "1"]

1. d4 Nf6 2. c4 e6 3. Nc3 Bb4 4. e3 c5 5. Bd3 Nc6 6. Nge2 d5 7. a3 dxc4 8. Bxc4
Bxc3+ 9. bxc3 O-O 10. O-O e5 11. Bb2 Be6 12. Bxe6 fxe6 13. Qb3 Qd5 14. Qa2 Qxa2
15. Rxa2 Rac8 16. Ba1 Na5 17. dxe5 Ng4 18. c4 Nxc4 19. a4 Rcd8 20. Nf4 Rfe8 21.
h3 Nh6 22. Rc1 Na5 23. Rb1 b6 24. Bc3 Nc4 25. a5 Rb8 26. axb6 axb6 27. Ra7 Nf7
28. Rd1 Red8 29. Rda1 Re8 30. Rc7 Rec8 31. Rxc8+ Rxc8 32. Nxe6 Ncxe5 33. Ra7
Re8 34. Bxe5 Nxe5 35. Nxg7 Rd8 36. Nh5 Rd6 37. f4 Nc6 38. Ra8+ Kf7 39. Ng3 c4
40. Ne4 Rd1+ 41. Kf2 b5 42. Rc8 1-0

[Event "EU-chT 08th Final"]
[Site "Plovdiv"]
[Date "1983.??.??"]
[Round "3.2"]
[White "Vaganian, Rafael A"]
[Black "Kindermann, Stefan"]
[Result "1-0"]
[WhiteElo "2550"]
[BlackElo "2440"]
[PlyCount "137"]
[EventDate "1983.06.23"]
[EventType "team-tourn"]
[EventRounds "7"]
[EventCountry "BUL"]
[SourceTitle "EU-chT"]
[Source "ChessBase"]
[SourceDate "1999.07.01"]
[SourceVersion "2"]
[SourceVersionDate "1999.07.01"]
[SourceQuality "1"]
[WhiteTeam "Soviet Union"]
[BlackTeam "German Fed Rep"]
[WhiteTeamCountry "URS"]
[BlackTeamCountry "GER"]

1. Nf3 Nf6 2. g3 e6 3. Bg2 d5 4. O-O Be7 5. d3 c5 6. Nbd2 Nc6 7. e4 b6 8. Re1
Bb7 9. a3 Qc7 10. c3 O-O 11. Qe2 a5 12. e5 Nd7 13. Nf1 b5 14. h4 b4 15. Bf4
bxc3 16. bxc3 Ba6 17. Ne3 Rab8 18. c4 dxc4 19. Nxc4 Bxc4 20. dxc4 Nd4 21. Qe4
Rfd8 22. Rab1 Nb6 23. Bf1 Rd7 24. Rb2 Na4 25. Rxb8+ Qxb8 26. Rb1 Qd8 27. Ng5 g6
28. Qg2 Nc3 29. Rb2 Na4 30. Rb1 Nc3 31. Re1 Qb8 32. Kh1 Qb7 33. Bd2 Qb2 34. Bc1
Qb7 35. Bf4 Qxg2+ 36. Kxg2 Rb7 37. Bd2 Rb3 38. Re3 Nb1 39. Bxa5 Rxa3 40. Rxa3
Nxa3 41. Ne4 Nac2 42. f4 h5 43. Kf2 Kf8 44. Bb6 Nb3 45. Ke2 Nb4 46. Ke3 Ke8 47.
Be2 Na2 48. Bd1 Nac1 49. Nd2 Nxd2 50. Kxd2 Na2 51. Ba4+ Kf8 52. Bd7 Nb4 53. Kc3
Kg7 54. Bc7 Na2+ 55. Kb2 Nb4 56. Kb3 Nd3 57. Bd6 Kf8 58. Ka4 Nc1 59. Kb5 Ne2
60. Kxc5 Nxg3 61. Kb6 Ne2 62. c5 Nxf4 63. Bc6 Ne2 64. Be4 Nd4 65. c6 Nxc6 66.
Kxc6 Ke8 67. Kc7 f5 68. Bxe7 fxe4 69. Bg5 1-0

[Event "URS-chT Republics 16th Group3"]
[Site "Moscow"]
[Date "1983.07.16"]
[Round "2"]
[White "Vaganian, Rafael A"]
[Black "Kupreichik, Viktor D"]
[Result "1-0"]
[WhiteElo "2620"]
[BlackElo "2475"]
[PlyCount "67"]
[EventDate "1983.07.15"]
[EventType "team-tourn"]
[EventRounds "5"]
[EventCountry "URS"]
[SourceTitle "EXT 2020"]
[Source "ChessBase"]
[SourceDate "2019.10.17"]
[SourceVersion "1"]
[SourceVersionDate "2019.10.17"]
[SourceQuality "1"]
[WhiteTeam "Armenia"]
[BlackTeam "Belarus"]
[WhiteTeamCountry "ARM"]
[BlackTeamCountry "BLR"]

1. Nf3 d5 2. g3 c6 3. Bg2 Nd7 4. d4 g6 5. Nbd2 Ngf6 6. c4 Bg7 7. O-O O-O 8. Qc2
dxc4 9. Nxc4 Nb6 10. Na5 Bf5 11. Qb3 Qc8 12. Bg5 Rd8 13. Qa3 h6 14. Bxf6 Bxf6
15. Rac1 Be4 16. e3 Rd5 17. b4 Rh5 18. Qb3 Rb8 19. Rfe1 Qf5 20. Qd1 Qb5 21. a3
Na4 22. Nc4 a5 23. bxa5 Nb2 24. Nxb2 Qxb2 25. Nd2 Bxg2 26. Nc4 Qb5 27. Kxg2 c5
28. g4 Rh4 29. d5 h5 30. h3 Kg7 31. Rh1 Rh8 32. g5 Rxc4 33. gxf6+ Kxf6 34. Qf1
1-0

[Event "URS-chT Republics 16th Group3"]
[Site "Moscow"]
[Date "1983.07.18"]
[Round "3"]
[White "Giorgadze, Tamaz"]
[Black "Vaganian, Rafael A"]
[Result "0-1"]
[WhiteElo "2495"]
[BlackElo "2620"]
[PlyCount "118"]
[EventDate "1983.07.15"]
[EventType "team-tourn"]
[EventRounds "5"]
[EventCountry "URS"]
[SourceTitle "EXT 2020"]
[Source "ChessBase"]
[SourceDate "2019.10.17"]
[SourceVersion "1"]
[SourceVersionDate "2019.10.17"]
[SourceQuality "1"]
[WhiteTeam "Georgia"]
[BlackTeam "Armenia"]
[WhiteTeamCountry "GEO"]
[BlackTeamCountry "ARM"]

1. d4 Nf6 2. c4 g6 3. Nc3 d5 4. Bf4 Bg7 5. e3 O-O 6. Qb3 c5 7. cxd5 cxd4 8.
exd4 Nbd7 9. Be2 Nb6 10. Bf3 Bf5 11. Rd1 Qd7 12. h3 h5 13. Nge2 Rfd8 14. d6
exd6 15. O-O d5 16. Bg5 Bg4 17. Bxg4 hxg4 18. h4 Re8 19. Nf4 Ne4 20. Nfxd5 Nxd5
21. Nxd5 Nxg5 22. hxg5 Rad8 23. Nf6+ Bxf6 24. gxf6 Re6 25. d5 Rxf6 26. Rfe1 Qf5
27. Rd2 Kg7 28. Qg3 Rxd5 29. Rxd5 Qxd5 30. Qxg4 Qxa2 31. Qd4 Qa5 32. Re3 Qb6
33. Qc3 Qc6 34. Qd4 Qc1+ 35. Kh2 Qc7+ 36. Kg1 Qf4 37. Re4 Qc1+ 38. Kh2 Qc7+ 39.
f4 Qb6 40. Qc3 Qc6 41. Rc4 Qe6 42. Rc7 Qf5 43. g3 Kh7 44. Rc5 Qe6 45. Re5 Qb6
46. Re8 Qb5 47. Re5 Qd7 48. Rh5+ gxh5 49. Qxf6 Qd5 50. b4 Qa2+ 51. Kg1 Qe6 52.
Qc3 h4 53. Kf2 Qg4 54. Qf6 Qxg3+ 55. Ke2 Qg4+ 56. Kf2 Qh5 57. Qe7 h3 58. Qxb7
h2 59. Qh1 Qh4+ 0-1

[Event "URS-chT Republics 16th Group3"]
[Site "Moscow"]
[Date "1983.07.21"]
[Round "5"]
[White "Vaganian, Rafael A"]
[Black "Ehlvest, Jaan"]
[Result "1-0"]
[WhiteElo "2620"]
[BlackElo "2480"]
[PlyCount "81"]
[EventDate "1983.07.15"]
[EventType "team-tourn"]
[EventRounds "5"]
[EventCountry "URS"]
[SourceTitle "EXT 2020"]
[Source "ChessBase"]
[SourceDate "2019.10.17"]
[SourceVersion "1"]
[SourceVersionDate "2019.10.17"]
[SourceQuality "1"]
[WhiteTeam "Armenia"]
[BlackTeam "Estonia"]
[WhiteTeamCountry "ARM"]
[BlackTeamCountry "EST"]

1. Nf3 Nf6 2. g3 g6 3. Bg2 Bg7 4. c4 O-O 5. d4 d6 6. O-O Nbd7 7. Qc2 c5 8. Rd1
a6 9. h3 Rb8 10. Be3 cxd4 11. Nxd4 e5 12. Nb3 Qc7 13. Qd2 b5 14. Qa5 Qxa5 15.
Nxa5 bxc4 16. Rxd6 Rxb2 17. Nxc4 Rb4 18. Nba3 e4 19. Rad1 Ra4 20. Rb1 Ne5 21.
Nxe5 Rxa3 22. Rb8 Rc3 23. Bd4 Rc1+ 24. Kh2 Re8 25. Nc6 Nd5 26. e3 Bxd4 27. Nxd4
Nc3 28. Nb3 Rc2 29. Rc6 Bd7 30. Rxe8+ Bxe8 31. Rc8 Kf8 32. Nd4 Rc1 33. Bxe4 Ne2
34. Rxe8+ Kxe8 35. Nxe2 Rd1 36. Kg2 Rd2 37. Nc3 f5 38. Bb7 Rc2 39. Nd5 Rxa2 40.
Bxa6 Kf8 41. Bf1 1-0

[Event "URS-chT Republics 16th final A"]
[Site "Moscow"]
[Date "1983.07.23"]
[Round "2"]
[White "Beliavsky, Alexander G"]
[Black "Vaganian, Rafael A"]
[Result "0-1"]
[WhiteElo "2565"]
[BlackElo "2620"]
[PlyCount "62"]
[EventDate "1983.07.23"]
[EventType "team-tourn"]
[EventRounds "5"]
[EventCountry "URS"]
[SourceTitle "EXT 2020"]
[Source "ChessBase"]
[SourceDate "2019.10.17"]
[SourceVersion "1"]
[SourceVersionDate "2019.10.17"]
[SourceQuality "1"]
[WhiteTeam "Ukraine"]
[BlackTeam "Armenia"]
[WhiteTeamCountry "UKR"]
[BlackTeamCountry "ARM"]

1. d4 Nf6 2. c4 g6 3. Nc3 d5 4. cxd5 Nxd5 5. e4 Nxc3 6. bxc3 Bg7 7. Nf3 c5 8.
Rb1 O-O 9. Be2 Nc6 10. d5 Ne5 11. Nxe5 Bxe5 12. Qd2 e6 13. f4 Bg7 14. c4 Re8
15. e5 f6 16. d6 fxe5 17. Bb2 exf4 18. Bxg7 Kxg7 19. O-O Rf8 20. Rxf4 Rxf4 21.
Qxf4 Qf6 22. Qd2 b6 23. Bf3 Rb8 24. d7 Ba6 25. Rd1 Rd8 26. Qe2 e5 27. g3 Bxc4
28. Qxc4 Qxf3 29. Rd6 Qf7 30. Qg4 h5 31. Qd1 e4 0-1

[Event "Interpolis-07"]
[Site "Tilburg"]
[Date "1983.10.12"]
[Round "1"]
[White "Vaganian, Rafael A"]
[Black "Huebner, Robert"]
[Result "1-0"]
[WhiteElo "2550"]
[BlackElo "2625"]
[PlyCount "55"]
[EventDate "1983.10.12"]
[EventType "tourn"]
[EventRounds "11"]
[EventCountry "NED"]
[EventCategory "15"]
[SourceTitle "MCD"]
[Source "ChessBase"]
[SourceDate "1999.07.01"]
[SourceVersion "1"]
[SourceVersionDate "1999.07.01"]
[SourceQuality "1"]

1. d4 d5 2. c4 dxc4 3. Nc3 e5 4. e3 exd4 5. exd4 Nf6 6. Bxc4 Be7 7. Nf3 O-O 8.
O-O Nbd7 9. Re1 Nb6 10. Bb3 c6 11. Bg5 Bg4 12. Qd3 Bxf3 13. Qxf3 Nfd5 14. Bxe7
Nxe7 15. Re5 Ng6 16. Re4 Nd7 17. Rd1 Qa5 18. Re3 Rad8 19. Ne4 Qc7 20. h4 h6 21.
Qg4 Kh8 22. h5 Nf4 23. Rg3 g5 24. hxg6 fxg6 25. Re1 Rde8 26. Rge3 Nb6 27. Nc5
Qc8 28. Qxf4 1-0

[Event "Lvov"]
[Site "Lvov"]
[Date "1984.02.14"]
[Round "4"]
[White "Vaganian, Rafael A"]
[Black "Georgiev, Kiril"]
[Result "1-0"]
[WhiteElo "2630"]
[BlackElo "2430"]
[PlyCount "69"]
[EventDate "1984.02.10"]
[EventType "tourn"]
[EventRounds "13"]
[EventCountry "URS"]
[EventCategory "11"]
[SourceTitle "MCL"]
[Source "ChessBase"]
[SourceDate "1999.07.01"]
[SourceVersion "1"]
[SourceVersionDate "1999.07.01"]
[SourceQuality "1"]

1. d4 Nf6 2. c4 e6 3. Nc3 Bb4 4. e3 c5 5. Bd3 Nc6 6. Nge2 d5 7. O-O dxc4 8.
Bxc4 cxd4 9. exd4 O-O 10. a3 Be7 11. Qd3 a6 12. Ba2 b5 13. Bg5 b4 14. Bb1 g6
15. axb4 Nxb4 16. Qd2 Ra7 17. Na4 a5 18. Nc5 Ba6 19. Rd1 Bc4 20. Ra3 Re8 21.
Ng3 Bd5 22. h4 Nd7 23. Bxe7 Qxe7 24. Nxd7 Rxd7 25. Qh6 Nc6 26. Nh5 f5 27. Rg3
Qxh4 28. Rg5 Kh8 29. Rxg6 Nxd4 30. Rxd4 Qxd4 31. Nf6 Rde7 32. Qg5 e5 33. Nxd5
hxg6 34. Nxe7 Rxe7 35. Qh6+ 1-0

[Event "Lvov"]
[Site "Lvov"]
[Date "1984.02.25"]
[Round "12"]
[White "Short, Nigel D"]
[Black "Vaganian, Rafael A"]
[Result "0-1"]
[WhiteElo "2500"]
[BlackElo "2630"]
[PlyCount "160"]
[EventDate "1984.02.10"]
[EventType "tourn"]
[EventRounds "13"]
[EventCountry "URS"]
[EventCategory "11"]
[SourceTitle "MCL"]
[Source "ChessBase"]
[SourceDate "1999.07.01"]
[SourceVersion "1"]
[SourceVersionDate "1999.07.01"]
[SourceQuality "1"]

1. e4 Nf6 2. e5 Nd5 3. d4 d6 4. Nf3 g6 5. Bc4 c6 6. exd6 Qxd6 7. O-O Bg7 8.
Nbd2 O-O 9. Bb3 Bg4 10. c3 Nd7 11. h3 Bxf3 12. Qxf3 b5 13. Re1 e6 14. Ne4 Qc7
15. Bg5 f5 16. Nd2 Rae8 17. Bh4 N7b6 18. Bg3 f4 19. Bh2 e5 20. Qd3 exd4 21.
cxd4 Kh8 22. a3 Re7 23. Ne4 Rfe8 24. f3 Nf6 25. Kf1 Nxe4 26. Rxe4 Rxe4 27. fxe4
Qd7 28. Rd1 Nc4 29. Bxc4 bxc4 30. Qxc4 Rxe4 31. Bg1 f3 32. Bf2 h5 33. b4 fxg2+
34. Kxg2 Rg4+ 35. hxg4 Qxg4+ 36. Bg3 Qxd1 37. Qxc6 Qg4 38. Qf3 Qg5 39. Qe4 Kh7
40. d5 Bf6 41. Kh3 Qc1 42. Qf4 Qh1+ 43. Bh2 Qa1 44. Qf3 Kg7 45. Kg2 g5 46. Qxh5
Qa2+ 47. Kf1 Qxd5 48. Bg1 Qd3+ 49. Qe2 Qxa3 50. b5 Qh3+ 51. Ke1 Bc3+ 52. Kd1
Qd7+ 53. Kc2 Bd4 54. Bh2 Qf5+ 55. Kc1 Kh6 56. Bg3 Qd5 57. Qh2+ Kg7 58. Qe2 Kf6
59. Qf1+ Ke6 60. Qd3 Qc5+ 61. Kd1 Be5 62. Qg6+ Kd5 63. Qf7+ Ke4 64. Qg6+ Kf3
65. Bxe5 Qd5+ 66. Kc2 Qxe5 67. Qf7+ Ke2 68. Qxa7 Qxb5 69. Qe7+ Kf2 70. Qf6+ Kg2
71. Qe6 Qa4+ 72. Kc3 Qf4 73. Qe2+ Kh3 74. Qe6+ g4 75. Kd3 Kg2 76. Qe2+ Kg1 77.
Qe6 g3 78. Kc3 g2 79. Qe1+ Kh2 80. Qe2 Qf5 0-1

[Event "Naestved Nimzowitsch Memorial"]
[Site "Naestved"]
[Date "1985.09.24"]
[Round "9"]
[White "Agdestein, Simen"]
[Black "Vaganian, Rafael A"]
[Result "0-1"]
[WhiteElo "2515"]
[BlackElo "2625"]
[PlyCount "74"]
[EventDate "1985.09.14"]
[EventType "tourn"]
[EventRounds "11"]
[EventCountry "DEN"]
[EventCategory "13"]
[SourceTitle "MCL"]
[Source "ChessBase"]
[SourceDate "1999.07.01"]
[SourceVersion "1"]
[SourceVersionDate "1999.07.01"]
[SourceQuality "1"]

1. d4 Nf6 2. Nf3 c5 3. d5 b5 4. c4 g6 5. Qc2 Bg7 6. cxb5 Nxd5 7. e4 Nc7 8. Qxc5
a6 9. b6 Ne6 10. Qc2 O-O 11. Be3 Bb7 12. Bc4 d6 13. Nc3 Nc5 14. Bxc5 dxc5 15.
Na4 Nc6 16. O-O Nd4 17. Nxd4 Bxd4 18. Rad1 Rc8 19. Qe2 Qe8 20. b3 Bc6 21. Bxa6
Rb8 22. Rb1 e6 23. Rfc1 Qe7 24. Bb5 Ba8 25. Bd3 f5 26. exf5 gxf5 27. b4 Kh8 28.
Kh1 Rg8 29. f3 Qh4 30. bxc5 Bc6 31. Bb5 Bxb5 32. Rxb5 Rg6 33. g3 Rxg3 34. Rb4
Rg7 35. Qe5 Rbg8 36. Qxd4 Qg5 37. Rg1 Qxg1+ 0-1